Cultura general por letra - I - Estadísticas

Estadísticas generales
  • Esta prueba ha sido intentada 3.436 veces
    2.696 desde el último reinicio
  • La puntuación promedio es 14 de 20
Estadísticas de respuestas
Pista Respuesta % Correcto
ChatGPT, Gemini, Deep Seek Inteligencia Artificial generativa
99%
País de los tréboles, duendes y la cerveza Irlanda
97%
Contrario a exportaciones Importaciones
95%
País isleño de pasado vikingo al norte de Europa Islandia
93%
Tejido de color del ojo, al rededor de la pupila Iris
92%
Marca de muebles sueca de built by yourself Ikea
90%
Superhéroe de Marvel interpretado por Robert Downey Jr. Iron Man
89%
Estado al norte de Estados Unidos, su capital es Springfield, y la ciudad más poblada Chicago Illinois
80%
Aumento en el nivel general de precios de los bienes y servicios de la economía Inflación
80%
Sistema operativo desarrollado por Apple para sus productos electrónicos iOS
78%
Cantidad monetaria que debe pagarse por un préstamo Interés
76%
Madre de Juana la loca Isabel la Católica
75%
Acción en la que se piensan situaciones hipotéticas, sólo el humano tiene esta capacidad Imaginar
73%
Condición metabólica en la que el corazón para de bombear sangre Infarto
71%
Equipo de futbol que juega en el Giuseppe Meazza Inter de Milán
69%
En la mitología griega, aquel que voló tan cerca del sol que se le derritieron las alas Ícaro
65%
Nacionalidad del mercader viajero Marco Polo Italiana
46%
Playa famosa en Río de Janeiro Ipanema
44%
Álbum de los Bee Gees lanzado en 1968, contiene la canción "I started a joke" Idea
24%
Segunda ciudad más grande de Nigeria Ibadán
12%
No se encontraron pruebas coincidentes
Distribución de puntuación
Porcentaje de gente con cada puntuación
Porcentaje por número respondido
Historial de tus puntuaciones
No has intentado esta prueba desde el último reinicio